Dějepis kláštera břevnovského a broumovského /

Hlavní autor: Růžička, Jeroným, 1794-1884
Další autoři: Koupil, Ondřej, 1972-, Foltýn, Dušan, 1966-
Jazyk: Čeština
Vydáno: Praha : Benediktinské arciopatství sv. Vojtěcha & sv. Markéty, 2013
Vydání: Vyd. v této úpravě 1.
Edice: Pietas benedictina
Témata:
Fyzický popis: lvi, 182 s. : barev. il., portréty ; 20 cm
Knihy
Uloženo v:
LEADER 03384nam a2200793 a 4500
001 nkc20132503054
003 CZ PrNK
005 20131129115014.0
007 ta
008 131007s2013 xr ac e 001 0dcze
015 |a cnb002503054 
020 |a 978-80-86882-19-2  |q (váz.) 
035 |a (OCoLC)864849004 
040 |a OLA001  |b cze 
043 |a e-xr---  |b e-xr-pg  |b e-xr-kr  |2 czenas 
045 |a n9w4 
072 7 |a 27-78  |x Křesťanská sdružení, spolky a organizace. Řeholní řády  |2 Konspekt  |9 5 
080 |a 27-789.2-523.6-788-1/-9  |2 MRF 
080 |a 726.71:27-789.2  |2 MRF 
080 |a 27-789.2  |2 MRF 
080 |a 27-9:930  |2 MRF 
080 |a 27-9-051  |2 MRF 
080 |a (437.3)  |2 MRF 
080 |a (437.313)  |2 MRF 
080 |a (437.311)  |2 MRF 
080 |a (048.8)  |2 MRF 
080 |a (093.3)  |2 MRF 
080 |a (0.027)  |2 MRF 
100 1 |a Růžička, Jeroným,  |d 1794-1884  |7 jk01103156  |4 aut 
245 1 0 |a Dějepis kláštera břevnovského a broumovského /  |c Jeroným Růžička ; [text ... vydal Ondřej Koupil ; úvodní texty napsali Dušan Foltýn ... et al.] 
250 |a Vyd. v této úpravě 1. 
260 |a Praha :  |b Benediktinské arciopatství sv. Vojtěcha & sv. Markéty,  |c 2013 
300 |a lvi, 182 s. :  |b barev. il., portréty ;  |c 20 cm 
490 1 |a Pietas benedictina ;  |v 20 
504 |a Obsahuje bibliografii, bibliografické odkazy a rejstřík 
648 4 |a 993-1844 
648 7 |a 10.-19. století  |7 ch757129  |2 czenas 
648 7 |a 19. století  |7 ch460557  |2 czenas 
650 0 7 |a benediktinské kláštery  |7 ph118806  |z Česko  |y 10.-19. stol.  |2 czenas 
650 0 7 |a benediktinské kláštery  |7 ph118806  |x dějiny  |2 czenas 
650 0 7 |a benediktini  |7 ph114135  |z Česko  |y 10.-19. stol.  |2 czenas 
650 0 7 |a církevní historiografie  |7 ph187614  |z Česko  |y 19. stol.  |2 czenas 
650 0 7 |a církevní historici  |7 ph114284  |z Česko  |y 19. stol.  |2 czenas 
650 0 9 |a Benedictine monasteries  |z Czechia  |y 10th-19th centuries  |2 eczenas 
650 0 9 |a Benedictine monasteries  |x history  |2 eczenas 
650 0 9 |a Benedictines  |z Czechia  |y 10th-19th centuries  |2 eczenas 
650 0 9 |a church historiography  |z Czechia  |y 19th century  |2 eczenas 
650 0 9 |a church historians  |z Czechia  |y 19th century  |2 eczenas 
655 7 |a studie  |7 fd133597  |2 czenas 
655 7 |a kroniky  |7 fd132684  |2 czenas 
655 7 |a kritická vydání  |7 fd249727  |2 czenas 
655 9 |a studies  |2 eczenas 
655 9 |a chronicles  |2 eczenas 
655 9 |a critical issues  |2 eczenas 
610 2 7 |a Břevnovský klášter  |7 ko2002102047  |2 czenas 
610 2 7 |a Broumovský klášter  |7 kn20010711225  |2 czenas 
651 7 |a Broumov (Náchod, Česko)  |7 ge128832  |2 czenas 
651 7 |a Břevnov (Praha, Česko)  |7 ge137107  |2 czenas 
651 9 |a Broumov (Náchod, Czechia)  |2 eczenas 
651 9 |a Břevnov (Prague, Czechia)  |2 eczenas 
700 1 |a Koupil, Ondřej,  |d 1972-  |7 jn20010309672  |4 pbl  |4 wfw  |4 edt 
700 1 |a Foltýn, Dušan,  |d 1966-  |7 mzk2005270064  |4 wfw 
830 0 |a Pietas benedictina  |0 s 
910 2 |a BOA001  |b 1-1311.480 
990 |a BK 
995 |a 01 
996 6 |b 2610566865  |c 1-1311.480  |l MZK  |r Sklad / do 1 hodiny  |n 8  |p p.v.  |w 001373185  |u 000010  |a 1  |e BOA001  |j MZK50  |s P 
996 6 |b 2610570028  |c 1-1311.480  |l MZK  |r HSS 4p  |n 0  |p kup  |h 27-78 RŮŽ  |w 001373185  |u 000020  |a 0  |e BOA001  |j MZK50  |s P 
996 7 |b 2610570029  |c 1-1311.480  |l MZK  |r Sklad / do 1 hodiny  |n 8  |p kup  |w 001373185  |u 000030  |a 1  |e BOA001  |j MZK50  |s A